000 00318nam a2200133Ia 4500
008 230627s9999 xx 000 0 und d
041 _aeng
082 _a347
_bSAH
100 _aSaha A.N.
245 _aThe Code Of Civil Procedure-1908
250 _a7ed.
260 _bPremier Publishing Co.
_c2010
300 _a1056p
999 _c697017
_d697017